| 000 | 00439nam a2200145Ia 4500 | ||
|---|---|---|---|
| 005 | 20250617030237.0 | ||
| 008 | 240331s9999 xx 000 0 und d | ||
| 082 | _bAPE | ||
| 245 | 0 |
_aApe kresthra athdekeem : _bhea api sreewadaya dakina hati |
|
| 260 |
_aBorella _bResearch Institute _c1989 |
||
| 300 | _a92 p ., | ||
| 500 | _aA Women's Voices - our filed experiences and how we see feminism | ||
| 700 |
_aKantha Handa. _eedt |
||
| 942 | _cL | ||
| 999 |
_c5012 _d5012 |
||